00293nam a2200133Ia 45000030006000000080041000060400015000471000016000622450033000782500010001112600009001215460012001300050017001420STCL150530s9999 xx 000 0 und d aSTCLcSTCL aTribute, A. aDante sexcentenary 1321-1921 aFirst c1921 aEnglish20220125171155.0